=LDR 00000nam 2200000 4500 =001 $a INLIS000000000008554 =005 $a 20260702123951 =008 $a 260702###########################0#ind## =022 ##$$a - =035 ##$$a 0010-0726000003 =082 ##$$a 351.598 =084 ##$$a 351.598 BUC a =100 #$$a Buchari Zainun =245 ##$$a Administrasi dan manajemen Pemerintah Negara Indonesia menurut UUD 1945dan Perubahannya $b - $c Buchari Zainun =247 ##$$a =260 ##$$a Jakarta $b Gunung Agung $c 2000 =300 ##$$a v,119 halaman $b - $c 23 cm $e =310 ##$$a =321 ##$$a =520 #$$a =650 #$$a Administrasi Negara =700 #$$a =856 ##$$a =Wor $a 1